Library of the University of Algiers 3
Ibrahim Sultan Cheibout
شعار جامعة الجزائر 3
مكتبة جامعة الجزائر 3
إبراهيم سلطان شيبوط

طرق وأدوات جمع المعلومات والبيانات عن المجتمع المحلي / (رقم التسجيلة. 45621)

تفاصيل مارك
000 -LEADER
fixed length control field 01437nam a2200241Ia 4500
003 - CONTROL NUMBER IDENTIFIER
control field Ost
005 - DATE AND TIME OF LATEST TRANSACTION
control field 20260507075652.0
008 - FIXED-LENGTH DATA ELEMENTS--GENERAL INFORMATION
fixed length control field 260507s9999||||xx |||||||||||||| ||und||
020 ## - INTERNATIONAL STANDARD BOOK NUMBER
International Standard Book Number ×101029957
040 ## - CATALOGING SOURCE
Transcribing agency fsecg
041 ## - LANGUAGE CODE
Language code of text/sound track or separate title ara
082 ## - DEWEY DECIMAL CLASSIFICATION NUMBER
Classification number 307.72072
100 ## - MAIN ENTRY--PERSONAL NAME
Personal name حسنين، محمد حسين
Relator term مؤلف
245 #0 - TITLE STATEMENT
Title طرق وأدوات جمع المعلومات والبيانات عن المجتمع المحلي /
Statement of responsibility, etc. محمد حسين حسنين
260 ## - PUBLICATION, DISTRIBUTION, ETC.
Place of publication, distribution, etc. عمان:
Name of publisher, distributor, etc. مجدلاوي للنشر والتوزيع,
Date of publication, distribution, etc. 2003
300 ## - PHYSICAL DESCRIPTION
Extent 340 صفحة؛
Other physical details إيضاحات ؛
Dimensions 24 سم
504 ## - BIBLIOGRAPHY, ETC. NOTE
Bibliography, etc. note المراجع ص.339
520 ## - SUMMARY, ETC.
Summary, etc. تأثير خصائص المجتمع الريفي والبدوي في الاردن على الباحثين وعمليات البحث- أدوات جمع المعلومات والبيانات عن المجتمع المحلي- أسلوب تخمين الريف السريع بالمشاركة - المهارات الفنية والشخصية اللازمة للباحثين- مصادر جمع المعلومات والبيانات عن المجتمع المحلي- مسميات الباحثين وحقول بحثهم وهيئاتهم البحثية المستهدفة.
653 ## - INDEX TERM--UNCONTROLLED
Uncontrolled term البحوث الميدانية- الإحصاءات الاجتماعية
653 ## - INDEX TERM--UNCONTROLLED
Uncontrolled term المجتمعات الريفية- طرق البحث
653 ## - INDEX TERM--UNCONTROLLED
Uncontrolled term جمع المعلومات
942 ## - ADDED ENTRY ELEMENTS (KOHA)
Koha item type كتب

لا توجد مواد متاحة.

موارد الويب المفتوحة


© University of Algiers 3 All Rights Reserved
|
Implemented by LECHELAH Riad